| 000 | 01352cam a2200253 4500 | ||
|---|---|---|---|
| 001 | ABS63108 | ||
| 008 | 000000n2000 000 0 eng u | ||
| 035 | _a(Sirsi) u109318 | ||
| 100 | _aBlackman, D. | ||
| 245 | _aLocal heroes? | ||
| 260 | _c2000 | ||
| 490 |
_aBuilding Design _v(1463) 3 November 2000, 10-11(2) |
||
| 520 | _aExamines the progress made by Regional Development Agencies (RDAs) in promoting design standards in the built environment. Opinion is divided over the effectiveness of RDAs: some argue that devolution could enhance regional architectural culture in certain areas, while others express concern about the lack of design skill at operational level. Progress of RDAs is uneven with some RDAs north of the Watford Gap slackening, while others, such as the South East Development Agency, showing initiative by developing the first regional development review panel. However, the desire to become the UK's next European City of Culture in 2008 should spark interest in architecture and design across all regions. | ||
| 590 | _aABS | ||
| 650 | _aRDAS | ||
| 650 | _aREGIONAL DEVELOPMENT AGENCIES | ||
| 650 | _aSOUTH EAST DEVELOPMENT AGENCY | ||
| 650 | _aPROGRESS | ||
| 650 | _aARCHITECTURE | ||
| 650 | _aDESIGN | ||
| 650 | _aBUILT ENVIRONMENT | ||
| 690 | _aBUILT ENVIRONMENT-CONSTRUCTION DESIGN | ||
| 942 | _n0 | ||
| 999 |
_c65246 _d65246 |
||